Normal view
MARC view
- Martínez Lanz, Patricia
Entry Nombre Personal
001 - NUMERO DE CONTROL
- campo de control: 37023
003 - IDENTIFICADOR DE NUMERO DE CONTROL
- campo de control: UPN
005 - FECHA Y HORA DE LA ÜLTIMA TRANSACCIÓN
- campo de control: 20210219194521.0
008 - DATOS DE LONGITUD FIJA
- campo de control de longitud fija: nabaccnnaabn|||||||||| b |nc|||||d
035 ## - NUMERO DE CONTROL
- Número de control: UPN11000009130
040 ## - FUENTE DE CATALOGACIÓN
- Lenguaje de catalogación: SPA
- Agencia de transcripción: UPN
100 1# - ENCABEZAMIENTO - NOMBRE PERSONAL
- Nombre personal: Martínez Lanz, Patricia
670 ## - FUENTE EN LA QUE SE LOCALIZARON DATOS
- Cita de la fuente: T
- Información localizada: http://www.anahuac.mx/Noticias/Pages/La-Dra--Patricia-Martinez-Lanz-presenta-trabajo-de-investigacion-en-Reims,-Francia.aspx
680 ## - NOTA PUBLICA DE ACCESO PÚBLICO
- Frase explicativa de la referencia: Dra. directora del Centro Anáhuac de Investigación en Psicología (CAIP)
902 ## - CATALOGADOR
- Catalogador: EMR/210515
